000 00191nam a2200085Ia 4500
008 120527s9999 xx 000 0 und d
100 _aSchir, M. Edwin
245 _aLaw and society
942 _cBK
999 _c27701
_d27701